Managemet of Banking and Financial Services/ (Record no. 36362)

MARC details
000 -LEADER
fixed length control field 00524nam a22001817a 4500
005 - DATE AND TIME OF LATEST TRANSACTION
control field 20240809121003.0
008 - FIXED-LENGTH DATA ELEMENTS--GENERAL INFORMATION
fixed length control field 240809b |||||||| |||| 00| 0 eng d
020 ## - INTERNATIONAL STANDARD BOOK NUMBER
ISBN 81-7758-686-6
082 ## - DEWEY DECIMAL CLASSIFICATION NUMBER
Classification number 332.1
Item number PAU-M
100 ## - MAIN ENTRY--AUTHOR
Author Name Paul, Justin
245 ## - TITLE STATEMENT
Title Managemet of Banking and Financial Services/
Statement of responsibility, etc. Justin Paul
260 ## - PUBLICATION, DISTRIBUTION, ETC.
Place of Publication India;
Name of publisher, distributor, etc. Dorling Kindersley;
Date of publication, distribution, etc. 2008
300 ## - PHYSICAL DESCRIPTION
Pages xxv, 658 p.:
500 ## - GENERAL NOTE
General note Includes index
650 ## - SUBJECT ADDED ENTRY--TOPICAL TERM
Subject / Department Social Sciences/Economics
700 ## - ADDED ENTRY--PERSONAL NAME
Personal name Padmalatha Suresh
300 ## - PHYSICAL DESCRIPTION
-- ill.;
-- 27.7 cm.
952 ## - LOCATION AND ITEM INFORMATION (KOHA)
-- 0
-- 0
Holdings
Lost status Damaged status Collection code Permanent Location Current Location Shelving Location Date acquired Full Call Number Accession No./Barcode Date last seen item type Koha item type
    Economics/Commerce Superior Information Resource Center (SIRC) Superior University - City Campus Superior Information Resource Center (SIRC) Superior University - City Campus Economics 08/09/2024 332.1 PAU-M 2008 7178 08/09/2024 BOOK BOOK

Powered by Koha